Responses for Show #6169 - Thursday, June 9, 2011

Contestants

[<< previous game]

Makeen Huda, a lab assistant from Metairie, Louisiana

Mary Anna Martell, a graduate student in library science from Waterford, Connecticut

Tim Kuehn, a theatrical designer from Venice, California (whose 1-day cash winnings total $18,201)

[next game >>]

Jeopardy! Round responses

NAME THE AUTHOR
STATE SONGS?
LANGUAGES
GOING TO X STREAMS
"WALL"
STREET JOURNAL
    $200 24
Tolkien

Makeen
    $200 26
California

Makeen
    $200 13
Arabic

Makeen
    $200 16
the Yangtze

Mary Anna
    $200 1
wallbanger

Tim
    $200 10
Abbey Road

Mary Anna
    $400 8
Dr. Seuss

Tim
    $400 27
New York

Mary Anna
    $400 14
Switzerland

Mary Anna
    $400 17
Antarctica

Mary Anna
    $400 2
a wallaby

Tim
    $400 6
Bourbon Street

Mary Anna
    $600 9
Washington Irving

Makeen
    $600 28
Indiana

Tim
    $600 15
Mandarin

Tim
    $600 18
Sweden

Mary Anna
    $600 3
Walla Walla

Mary Anna
    $600 7
Pennsylvania Avenue

Mary Anna
    $800 23
(Truman) Capote

Makeen
    $800 29
Texas

Mary Anna
    $800 21
the Philippines

Mary Anna
    $800 19
Spain

Makeen
    $800 4
the wallflower

Mary Anna
    $800 11
Beale Street

Tim
    $1000 25
(Alfred Lord) Tennyson

Mary Anna
    $1000 30
Mississippi

Mary Anna
    $2,000 22
(Mary Anna: What is...
uh, Spanglish?)

Esperanto

Mary Anna
    $1000 20
Devon

Mary Anna
    $1000 5
the walleye

Tim
    $1000 12
the Champs-Elysées

Triple Stumper

Scores at the first commercial break (after clue 15):

Tim Mary Anna Makeen
$3,400 $3,000 $800

Scores at the end of the Jeopardy! Round:

Tim Mary Anna Makeen
$4,000 $7,200 $2,800

Double Jeopardy! Round responses

JOHN PHILIP SOUSA
AUSTRALIAN MOVIES
ANIMAL NAMES
AN ERNEST CATEGORY
RULE, BRITANNICA!
"TO" & "FRO"
    $400 27
a tuba

Mary Anna
    $400 11
Mad Max

Mary Anna
    $400 1
Chihuahua

Mary Anna
    $400 24
Hemingway

Mary Anna
    $400 6
Sears

Tim
    $400 15
frostbite

Makeen
    $800 28
(Mary Anna: What is The Pirates of Penzance?)

H.M.S. Pinafore

TimMary Anna
    $800 12
Babe

Mary Anna
    $800 2
a zebra longwing

Mary Anna
    $800 21
Ernest Gallo

Mary Anna
    $800 7
the (general) index

Mary Anna
    $800 16
touché

Mary Anna
    $1200 26
"The Liberty Bell"

Triple Stumper
    $1200 13
Gallipoli

Triple Stumper
    $1200 3
a midwife

Mary Anna
    $1200 20
South Carolina

Makeen
    $1200 8
The Times of London

Triple Stumper
    $1200 17
"Too-Ra-Loo-Ra-Loo-Ral"

Triple Stumper
    $2,000 29
(Tim: What is The New York Times?)

The Washington Post

Tim
    $1600 14
Priscilla, Queen of the Desert

Makeen
    $1600 4
a junebug

Mary Anna
    $1600 22
Ernest Tubb

Mary Anna
    $4,000 9
Scotland

Mary Anna
    $1600 18
frosh

Makeen
    $2000 30
(Alex: And I think it's true of Sousa's works that we recognize all of the melodies, but we can't always put the correct title to them.)

"El Capitan"

Triple Stumper
    $2000 25
(Makeen: What is Mamma Mia!?)

Muriel's Wedding

Makeen
Triple Stumper
    $2000 5
(Tim: What is a velvet monkey?)

a wooly monkey

Tim
Triple Stumper
    $2000 23
Sir Ernest Shackleton

Mary Anna
    $2000 10
the Macropedia & the Micropedia

Triple Stumper
    $2000 19
fromage

Tim

Scores at the end of the Double Jeopardy! Round:

Tim Mary Anna Makeen
$3,200 $22,400 $5,600
(lock game)

[wagering suggestions for these scores]

Final Jeopardy! Round responses

THE PRESIDENCY
TimWho is the Secretary of State?
$2,401
MakeenWho is the Secretary of State?
$801
Mary AnnaWho is the Secretary of State?
$5,600
the President pro tem (of the Senate)

Final scores:

Tim Mary Anna Makeen
$799 $16,800 $4,799
3rd place: $1,000 New champion: $16,800 2nd place: $2,000

Game dynamics:

Coryat scores:

Tim Mary Anna Makeen
$5,200 $22,000 $5,600
10 R,
2 W
(including 1 DD)
29 R
(including 1 DD),
2 W
(including 1 DD)
10 R,
1 W

Combined Coryat: $32,800

[game clues] [game scores] [suggest correction]

Game tape date: 2011-02-22
The J! Archive is created by fans, for fans. Scraping, republication, monetization, and malicious use prohibited; this site may use cookies and collect identifying information. See terms. The Jeopardy! game show and all elements thereof, including but not limited to copyright and trademark thereto, are the property of Jeopardy Productions, Inc. and are protected under law. This website is not affiliated with, sponsored by, or operated by Jeopardy Productions, Inc. Join the discussion at JBoard.tv.